LEADER 01139nam a2200217 i 4500 001 000000254137 003 CaOOAMICUS 005 20170511000000.0 008 170511s1823 it u000 u ita u 013 $a233042 026 $an-t- 7.5. 8.o. (1la (7) 1823 (A) 040 $aSeMil$bita 245 10$aTomo 1. 300 $a211 [i.e. 213], [3] p., [3] c. di tav. :$bill. calcogr. 490 0 $aCompendio della Storia universale antica e moderna ;$v84 500 $aRipetute nella num. le p. 167-168. 773 0 $aMalcolm, John $tStoria della Persia dalla conquista degli Arabi fino ai tempi presenti scritta in inglese dal cav. Gio. Malcolm compendiata in italiano per cura di Davide Bertolotti in continuazione al Compendio della storia universale ... Tomo 1. [-3.].$dMilano : Dalla Tipografia di commercio. Vendesi da Fusi, Stella e Compagni, 1823-1824.$g1$w()12667 830 0$aCompendio della Storia universale antica e moderna ;$v84.$0(OLS)http://semarc/title/401073 850 $aSeMil 852 $aSeMil$W1$xVenegono$y1$m3V I 84 FA$j204483$B204483$CSeMilBibl$Z2$F217874 $8I 996 $6245$aTomo 1$9(OLS)http://semarc/title/46685 LEADER 00809nam a2200217 i 4500 001 000000204022 003 CaOOAMICUS 005 20240409113800.0 008 110714n it u000 u ita u 013 $a182739 040 $aSeMil$bita 100 1 $aTrucco, Filippo.$0(OLS)http://semarc/name/22560 245 10$aPoesie religiose e patriottiche /$cFilippo Trucco prete della Missione. 260 $aSarzana :$bCollegio della Missione,$c[1939] 300 $a40 p. ;$c17 cm. 850 $aSeMil 852 $aSeMil$W1$xVenegono$y1$m5D X 19/35$j154516$B154516$CSeMilBibl$Z2$F165360 $81 961 $aOmaggio: Altro 996 $6245$aPoesie religiose e patriottiche$9(OLS)http://semarc/title/295611 996 $6260$aSarzana :$bCollegio della Missione$9(OLS)http://semarc/publisher/46115